Green Day- Android Lyrics - Statistics

General Stats
  • This quiz has been taken 11 times
  • The average score is 160 of 225
Answer Stats
Answer % Correct
a
100%
I
100%
It
100%
it
100%
me
100%
the
100%
The
100%
was
100%
you
100%
be
88%
go
88%
he
88%
him
88%
if
88%
in
88%
of
88%
on
88%
Or
88%
that
88%
think
88%
When
88%
when
88%
your
88%
and
75%
And
75%
around?
75%
around
75%
away
75%
crazy
75%
crazy?
75%
did
75%
Did
75%
down
75%
have
75%
he's
75%
know
75%
make
75%
makes
75%
man
75%
my
75%
shoes
75%
so
75%
street
75%
to
75%
walking
75%
Will
75%
will
75%
woman's
75%
women's
75%
young
75%
age
63%
begging
63%
Begging
63%
being
63%
carry
63%
change?
63%
dreams
63%
end
63%
feet
63%
for
63%
golden
63%
grow
63%
Hey,
63%
I'll
63%
knows
63%
old
63%
old?
63%
school
63%
six
63%
spare
63%
still
63%
Time
63%
time
63%
underground
63%
waste
63%
way
63%
Wearing
63%
wonder
63%
always
50%
chemical
50%
emotions
50%
It's
50%
like
50%
rules
50%
up
50%
you're
50%
Before
38%
by
38%
frightening
38%
from
38%
head
38%
hide
38%
keeps
38%
lightning
38%
passes
38%
seems
38%
spinning
38%
struck
38%
smoking
25%
Behind
13%
dope
13%
hopes
0%
smile
0%
No matching quizzes found
Score Distribution
Percent of People with Each Score
Percentile by Number Answered
Your Score History
You have not taken this quiz